Fantastic Foursomes by First Names Quiz Stats

 Plays Quiz Updated Oct 2, 2018

Score 0/24 Timer 05:00
3 Plays Today
% Correct
LEONARO, MICHELANGELO,
DONATELLO & RAPHAEL
97.1%
TINKY WINKY, DIPSY,
LAA-LAA & PO
96.7%
JOHN Lennon, PAUL
McCartney, GEORGE
Harrison & RINGO Starr
96%
FRODO Baggins,
SAMWISE Gamgee,
MERIADOC Brandybuck &
PEREGRIN Took
94.9%
DOROTHY Zbornak,
ROSE Nylund,
BLANCHE Devereaux &
SOPHIA Petrillo
94.5%
CARRIE Bradshaw,
CHARLOTTE York,
SAMANTHA Jones &
MIRANDA Hobbes
93.5%
USAIN Bolt, NESTA
Carter, MICHAEL Frater &
YOHAN Blake
92.8%
ERIC Cartman, KENNY
McCormick, KYLE
Broflovski & STAN Marsh
92.1%
AGNETHA Fältskog,
BJÖRN Ulvaeus,
BENNY Andersson &
ANNI-FRID Lyngstad
91.7%
JERRY Seinfeld, ELAINE
Benes, COSMO Kramer &
GEORGE Costanza
91.6%
MICK Jagger, KEITH
Richards, CHARLIE
Watts & RONNIE Wood
91.6%
ALEC, DANIEL, WILLIAM &
STEPHEN Baldwin
90%
% Correct
RYAN Atwood, MARISSA
Cooper, SETH COHEN &
SUMMER Roberts
89.6%
BLINKY, PINKY, INKY &
CLYDE
89%
FREDDIE Mercury, BRIAN
May, ROGER Taylor &
JOHN Deacon
88.8%
CHICO, HARPO,
GROUCHO & ZEPPO Marx
88.6%
BOB, HELEN, VIOLET &
DASH Parr
88.1%
PAUL Stanley, GENE
Simmons, ACE Frehley &
PETER Criss
87.8%
GEORGE Washington,
THOMAS Jefferson,
THEODORE Roosevelt &
ABRAHAM Lincoln
87.3%
PETER Venkman, RAY
Stantz, EGON Spengler &
WINSTON Zeddemore
84.3%
SUSAN Storm, REED
Richards, BEN Grimm &
JOHNNY Storm
83.5%
STEVE Harvey,
DARYLL LYNN 'D. L.' Hughley,
CEDRIC the Entertainer &
BERNIE Mac
82.4%
HANK Hill, DALE
Gribble, BILL Dauterive &
JEFF Boomhauer
82.3%
JOHN 'Hannibal' Smith,
TEMPLETON 'Faceman' Peck,
H.M. 'Howling Mad' Murdock &
Bosco Albert 'B.A.' Baracus
79%

You're not logged in!

Compare scores with friends on all Sporcle quizzes.
OR
Log In

Sporcle TV

Today on Sporcle TV


Watch our educational content, quiz creation guides, and fun videos on Sporcle TV.

Show Comments

Extras

Top Quizzes Today


Score Distribution

Your Account Isn't Verified!

In order to create a playlist on Sporcle, you need to verify the email address you used during registration. Go to your Sporcle Settings to finish the process.

Report this User

Report this user for behavior that violates our Community Guidelines.

Details: